000 00717nam a2200241Ia 4500
003 OSt
005 20220930195126.0
006 a|||||r|||| 00| 0
007 ta
008 220926b |||||||| |||| 00| 0 hin d
024 _a13981
037 _cDissertations
040 _aCRL
_cCRL
_bhin
041 _2hin
_ahin
100 _aNirman Laxman Singh
_9563910
110 _aUniversity of Delhi. Faculty of Arts. Department of Hindi
245 0 _aBhawani Prasad Mishr ke kavya par Gandhivad ka prabhav
260 _c1973
650 _aHINDI LITERATURE
_923866
700 _aUniversity of Delhi. Faculty of Arts. Department of Hindi
942 _cDIS
_2CC
999 _c898637
_d898637